| 000 | 00655nam a2200217 a 4500 | ||
|---|---|---|---|
| 005 | 20240320063659.0 | ||
| 008 | 991125s1985 bar 000 0 spa u | ||
| 020 | _a847530897X | ||
| 035 | _aUPN01000123193 | ||
| 049 | _aCG | ||
| 050 | 4 |
_aPS1305 _bH5.6 1985 |
|
| 100 | 1 |
_aTwain, Mark, _d1835-1910 _929455 |
|
| 245 | 1 | 4 |
_aLas aventuras de Huckleberry Finn / _cMark Twain ; tr. Guillermo López Hipkiss. |
| 250 | _a2a ed. | ||
| 260 |
_aBarcelona (Esp.) : _bOrbis, _c1985. |
||
| 300 | _a2 v. | ||
| 440 | 4 |
_aLas grandes novelas de aventuras ; _v27-28 |
|
| 650 | 0 |
_aAventuras y aventureros _94121 |
|
| 650 | 4 |
_aNovela estadounidense _94462 |
|
| 905 | _aLibro | ||
| 999 |
_c95374 _d95374 |
||